Reviews / (Record no. 132383)

MARC details
000 -LEADER
fixed length control field 00615nam a22002297a 4500
005 - DATE AND TIME OF LATEST TRANSACTION
control field 20170124110153.0
010 ## - LIBRARY OF CONGRESS CONTROL NUMBER
LC control number 612395
020 ## - INTERNATIONAL STANDARD BOOK NUMBER
Terms of availability 00.00
035 ## - SYSTEM CONTROL NUMBER
System control number 612395
037 ## - SOURCE OF ACQUISITION
Source of stock number/acquisition Cen Lib/Ret
040 ## - CATALOGING SOURCE
Original cataloging agency DPL
Language of cataloging EN
082 ## - DEWEY DECIMAL CLASSIFICATION NUMBER
Classification number 181.4
Item number HIR
100 ## - MAIN ENTRY--PERSONAL NAME
Personal name Hiriyanna, M.
9 (RLIN) 34541
245 ## - TITLE STATEMENT
Title Reviews /
Statement of responsibility, etc by M. Hiriyanna
260 ## - PUBLICATION, DISTRIBUTION, ETC. (IMPRINT)
Place of publication, distribution, etc Mysore
Name of publisher, distributor, etc Kavyalaya publishers
Date of publication, distribution, etc 1970
270 ## - ADDRESS
City Mysore
300 ## - PHYSICAL DESCRIPTION
Extent xii,291p.
Dimensions 19cm(Hb)
500 ## - GENERAL NOTE
General note Includes bibliographical references
650 ## - SUBJECT ADDED ENTRY--TOPICAL TERM
Topical term or geographic name as entry element Philosophy
9 (RLIN) 72766
650 ## - SUBJECT ADDED ENTRY--TOPICAL TERM
Topical term or geographic name as entry element Vedanta
General subdivision Teaching
9 (RLIN) 34543
942 ## - ADDED ENTRY ELEMENTS (KOHA)
Source of classification or shelving scheme Dewey Decimal Classification
Koha item type English Books
Classification part 181.4
Call number suffix HIR
Holdings
Withdrawn status Lost status Damaged status Not for loan Home library Current library Date acquired Source of acquisition Cost, normal purchase price Total Checkouts Full call number Barcode Date last seen Copy number Cost, replacement price Price effective from Koha item type Public note
Written off       Central Library Central Library 22/07/2015 Cen Lib/Ret 0.00   181.4 HIR 612395 22/07/2015 1 0.00 22/07/2015 English Books W/d list no. 6806/2

© Delhi Public Library
Hit Counter
free hit counter